000 01323cam a22003617a 4500
003 CHAP
005 20220329142245.0
008 000331d1997 br a r 00110 por d
010 _a80654
011 _a81626
035 _a92100
040 _cCHAP
082 0 4 _a633.15
_bE5 1997
110 2 _aEmpresa Brasileira de Pesquisa Agropecuaria. Centro de Pesquisa Agropecuaria do Oeste
_936599
245 1 0 _aMilho :
_binformacoes tecnicas
_c/por Empresa Brasileira de Pesquisa Agropecuaria. Centro de Pesquisa Agropecuaria do Oeste
250 _aed. rev.
260 _aDourados :
_bEmpresa Brasileira de Pesquisa Agropecuaria. Centro de Pesquisa Agropecuaria do Oeste,
_c1997.
300 _a222 p. :
_bilus. ; gráfs.
410 2 _aEMBRAPA-CPAO
490 0 _aCircular técnica
_v; 5
590 _aBATCH-UPD
_b10
_c20130110
_lUCH01
_h0131
590 _aBATCH-UPD
_b10
_c20130110
_lUCH01
_h2243
590 _aBATCH-UPD
_b10
_c20130409
_lUCH01
_h2127
590 _aBATCH-UPD
_b10
_c20130914
_lUCH01
_h0940
590 _aCONVERSION
_b10
_c20130109
_lUCH01
_h1345
650 1 4 _aMaíz
_zBrasil.
_971090
650 1 4 _aMijo
_zBrasil.
_975665
810 _aEMBRAPA-CPAO
_936472
830 0 _aCircular técnica
_v; 5
_923383
901 _aBK
942 _cLIBRO
949 _a633.15 E5 1997
_bBC
_cLIBRO
_d33724000764916
_eLIBRO
_h97641
_i92100
_si
999 _c80654
_d80654